000 00631cam a22002291 4500
001 sa 68004060
003 DLC
005 20260227112458.0
008 711108m19659999ii b 000 0 eng
010 _asa 68004060
025 _aPL480:I-E-9289
040 _aDLC
_cDLC
_dDLC
043 _aa-ii---
050 0 0 _aHC437.A73
_bA535
082 0 0 _a338.954/84
110 1 _aAndhra Pradesh, India.
_bPlanning Department.
245 1 0 _aFourth five-year plan;
_bworking paper[s]
260 _aHyderabad
_c[1965-
300 _av. in
_c17 cm.
504 _aIncludes bibliographies.
651 0 _aAndhra Pradesh (India)
_xEconomic policy.
999 _c79937
_d79937